Anti-Napoleon coalitions - Statistics

General Stats
  • This quiz has been taken 147 times
  • The average score is 51 of 112
Answer Stats
Question Tile Select % Correct
First Coalition (1792 - 1797) - No
97%
First Coalition (1792 - 1797) Great Britain Yes
94%
First Coalition (1792 - 1797) Denmark No
86%
First Coalition (1792 - 1797) Holy Roman Empire Yes
86%
First Coalition (1792 - 1797) Liechtenstein No
86%
First Coalition (1792 - 1797) Ottoman Empire No
86%
First Coalition (1792 - 1797) Switzerland No
85%
Second Coalition (1798 - 1802) - No
75%
First Coalition (1792 - 1797) Sweden No
74%
Second Coalition (1798 - 1802) Liechtenstein No
70%
Second Coalition (1798 - 1802) Denmark No
67%
Second Coalition (1798 - 1802) Great Britain Yes
67%
Second Coalition (1798 - 1802) Batavian Republic No
66%
Second Coalition (1798 - 1802) Switzerland No
65%
Third Coalition (1803 - 1806) - No
62%
First Coalition (1792 - 1797) Tuscany No
62%
Second Coalition (1798 - 1802) Holy Roman Empire Yes
61%
First Coalition (1792 - 1797) Sicily No
61%
Third Coalition (1803 - 1806) Batavian Republic No
60%
Second Coalition (1798 - 1802) Spain No
60%
First Coalition (1792 - 1797) Spain Yes
59%
Third Coalition (1803 - 1806) Liechtenstein No
57%
Third Coalition (1803 - 1806) Ottoman Empire No
57%
Third Coalition (1803 - 1806) Switzerland No
57%
Fourth Coalition (1806 - 1807) Liechtenstein No
56%
First Coalition (1792 - 1797) Sardinia Yes
55%
Third Coalition (1803 - 1806) United Kingdom Yes
55%
First Coalition (1792 - 1797) Dutch Republic Yes
54%
Fourth Coalition (1806 - 1807) Ottoman Empire No
54%
Second Coalition (1798 - 1802) Russia Yes
54%
Third Coalition (1803 - 1806) Denmark No
53%
First Coalition (1792 - 1797) Naples Yes
53%
Fourth Coalition (1806 - 1807) Switzerland No
53%
Third Coalition (1803 - 1806) Tuscany No
53%
Fifth Coalition (1809) Switzerland No
52%
Fifth Coalition (1809) Liechtenstein No
51%
Fifth Coalition (1809) Ottoman Empire No
51%
Fourth Coalition (1806 - 1807) Tuscany No
51%
Fourth Coalition (1806 - 1807) United Kingdom Yes
51%
First Coalition (1792 - 1797) Russia No
50%
Third Coalition (1803 - 1806) Sardinia No
50%
Fourth Coalition (1806 - 1807) Kingdom of Holland No
49%
Fourth Coalition (1806 - 1807) Sardinia No
49%
Second Coalition (1798 - 1802) Sweden No
49%
Fourth Coalition (1806 - 1807) Denmark No
48%
Sixth Coalition (1813 - 1814) Ottoman Empire No
48%
Fourth Coalition (1806 - 1807) Prussia Yes
48%
Third Coalition (1803 - 1806) Russia Yes
48%
Second Coalition (1798 - 1802) Sicily No
48%
Fifth Coalition (1809) Tuscany No
48%
Fifth Coalition (1809) United Kingdom Yes
48%
Fifth Coalition (1809) Denmark No
47%
Third Coalition (1803 - 1806) Holy Roman Empire Yes
47%
Fourth Coalition (1806 - 1807) Naples No
47%
Fifth Coalition (1809) Naples No
47%
Third Coalition (1803 - 1806) Portugal No
47%
Third Coalition (1803 - 1806) Spain No
47%
Sixth Coalition (1813 - 1814) United Kingdom Yes
47%
Seventh Coalition (1815) United Kingdom Yes
46%
Fifth Coalition (1809) Kingdom of Holland No
45%
Sixth Coalition (1813 - 1814) Russia Yes
45%
Fourth Coalition (1806 - 1807) Spain No
45%
Sixth Coalition (1813 - 1814) Switzerland No
45%
Sixth Coalition (1813 - 1814) Austria Yes
44%
Sixth Coalition (1813 - 1814) Prussia Yes
44%
Second Coalition (1798 - 1802) Sardinia No
44%
Sixth Coalition (1813 - 1814) Tuscany No
44%
Seventh Coalition (1815) Prussia Yes
43%
Seventh Coalition (1815) Russia Yes
43%
Seventh Coalition (1815) Austria Yes
42%
Seventh Coalition (1815) Ottoman Empire No
42%
Fifth Coalition (1809) Austria Yes
40%
Second Coalition (1798 - 1802) Naples Yes
40%
First Coalition (1792 - 1797) Portugal Yes
40%
Fourth Coalition (1806 - 1807) Portugal No
40%
Fifth Coalition (1809) Sweden No
40%
Sixth Coalition (1813 - 1814) Sweden Yes
38%
Sixth Coalition (1813 - 1814) Naples No
37%
Fifth Coalition (1809) Prussia No
37%
Sixth Coalition (1813 - 1814) Spain Yes
37%
Seventh Coalition (1815) Spain Yes
36%
Seventh Coalition (1815) Netherlands Yes
35%
Sixth Coalition (1813 - 1814) Portugal Yes
34%
Fifth Coalition (1809) Russia No
34%
Second Coalition (1798 - 1802) Ottoman Empire Yes
33%
Seventh Coalition (1815) Portugal Yes
33%
Seventh Coalition (1815) Sweden Yes
31%
Fourth Coalition (1806 - 1807) Austria No
30%
Third Coalition (1803 - 1806) Naples Yes
30%
Seventh Coalition (1815) Naples No
30%
Fifth Coalition (1809) Spain Yes
29%
Seventh Coalition (1815) Sicily Yes
28%
Fifth Coalition (1809) Portugal Yes
27%
Third Coalition (1803 - 1806) Sweden Yes
27%
Fourth Coalition (1806 - 1807) Sweden Yes
27%
Seventh Coalition (1815) Sardinia Yes
26%
Third Coalition (1803 - 1806) Sicily Yes
25%
Sixth Coalition (1813 - 1814) Sicily Yes
24%
Seventh Coalition (1815) Denmark Yes
21%
Second Coalition (1798 - 1802) Portugal Yes
21%
Fourth Coalition (1806 - 1807) Sicily Yes
20%
Second Coalition (1798 - 1802) Tuscany Yes
20%
Fifth Coalition (1809) Sicily Yes
18%
Seventh Coalition (1815) Tuscany Yes
18%
Sixth Coalition (1813 - 1814) Netherlands Yes
15%
Sixth Coalition (1813 - 1814) Sardinia Yes
15%
Seventh Coalition (1815) Switzerland Yes
14%
Sixth Coalition (1813 - 1814) Denmark Yes
13%
Seventh Coalition (1815) Liechtenstein Yes
12%
Fifth Coalition (1809) Sardinia Yes
11%
Fourth Coalition (1806 - 1807) Russia No
10%
Sixth Coalition (1813 - 1814) Liechtenstein Yes
6%
No matching quizzes found
Score Distribution
Percent of People with Each Score
Percentile by Number Answered
Your Score History
You have not taken this quiz